Statistics for Billie Eilish - Bury A Friend Lyrics

Click here to take the quiz!

General Stats

  • This quiz has been taken 449 times
  • The average score is 291 of 383

Answer Stats

Lyric% Correct
When
99%
a
99%
me?
98%
Me
98%
me
98%
you
98%
do
98%
What
97%
I
97%
what
97%
from
96%
Why
96%
want
95%
we
95%
are
95%
go?
95%
where
95%
fall
94%
asleep
93%
all
93%
care
92%
know?
91%
of
90%
scared
90%
run
90%
the
89%
The
89%
for
88%
don't
88%
For
88%
wondering?
87%
Say
86%
say
86%
to
86%
out?
85%
out
85%
it
84%
aren't
84%
Bury
82%
bury
82%
friend
81%
Billie
80%
spit
78%
is
78%
Is
78%
end
76%
your
76%
wanna
76%
exactly
74%
my
72%
Come
69%
on
67%
in
67%
dead
67%
I'm
66%
here
65%
that
64%
Then
63%
no
63%
up
63%
Step
62%
try
62%
glass
62%
wake
61%
tongue
60%
Am
58%
And
57%
and
57%
staple
56%
about
56%
down
54%
satisfactory?
54%
things
53%
deadly
53%
Today
53%
thinking
53%
Cannibal
52%
be
52%
can't
51%
killing
51%
like
50%
dark
49%
way
49%
Keep
49%
Listen
49%
class
49%
amount
49%
'Cause
48%
cleaning
46%
drown
46%
drinking
44%
right
44%
son
44%
I'll
43%
now
43%
park
42%
make
42%
soul
41%
meet
40%
expected?
40%
eyes
39%
sell
39%
you're
39%
won't
39%
star
39%
close
37%
connected?
37%
said
37%
froze
37%
limbs
37%
by
35%
loud
35%
too
34%
collected
34%
get
34%
expensive
34%
paying?
33%
calm
33%
art
33%
had
33%
gotta
33%
But
32%
apart
32%
shouldn't
31%
start
30%
Careful
29%
knew
29%
owe
28%
head
28%
Honestly
28%
would
27%
thought
26%
hatchet
26%
something
26%
you'd
25%
security
24%
or
23%
debt
23%
held
23%
Calling
23%
keeping
22%
probably
15%
It's
14%

Score Distribution

Percentile by Number Answered

Percent of People with Each Score

Your Score History

You have not taken this quiz